| 000 | 00582nam a2200229Ia 4500 | ||
|---|---|---|---|
| 008 | 160901s9999 xx 000 0 und d | ||
| 020 | _a1-84557-344-7 | ||
| 050 | _aComSc Z 52.5 | ||
| 050 | _b.M52M56 2005 | ||
| 100 | _aMinhas, Davinder Singh. | ||
| 245 | _aMS Word / | ||
| 245 | _cDavinder Singh Minhas. | ||
| 260 | _aNew Delhi : | ||
| 260 | _bNew Dawn Press Group, | ||
| 260 | _c2005 | ||
| 300 | _a40 pages : | ||
| 300 | _bill. ; | ||
| 300 | _c28 cm. | ||
| 440 | _aDrag & drop series | ||
| 650 | _aMicrosoft Word (Computer program). | ||
| 650 | _xWord processing. | ||
| 999 |
_c300861 _d300861 |
||